Statistics for Persona 4 Golden Social Link Quiz

Click here to take the quiz!

General Stats

  • This quiz has been taken 92 times
  • The average score is 16 of 23

Answer Stats

No.ArcanaSocial LinkUltimate Persona% Correct
0FoolInvestigation TeamLoki, the Shape-Shifter
89%
XXIIAeonMarieKaguya, the Moonlit Night's Visitor
85%
IMagicianYosuke HanamuraMada, the Intoxicator
85%
IIPriestessYukiko AmagiScathach, the Mentor
85%
VIIChariotChie SatonakaFutsunushi, the Divine Sword
83%
VIIIJusticeNanako DojimaSraosha, the Scourge of Evil
83%
IVEmperorKanji TatsumiOdin, the God of Storms
78%
IIIEmpressMargaretIsis, the Mother of Reincarnation
78%
VILoversRise KujikawaIshtar, the Goddess of Love
78%
XVIIIStarTeddieHelel, the Light Bearer
78%
XFortuneNaoto ShiroganeNorn, the Triple Godhead of Fate
76%
VHierophantRyotaro DojimaKohryu, the Almighty Guardian
76%
XIJester / HungerTohru AdachiMagatsu-Izanagi, the Tempter of the Void
76%
IXHermitFoxOngyo-Ki, the Shadow Dweller
72%
XVIDevilNurseBeelzebub, the Prince of Lies
63%
XIIStrengthFellow AthletesZaou-Gongen, the One who Demands Surrender
61%
XIXMoonAi EbiharaSandalphon, the Angel of Prayer
59%
XIVDeathOld LadyMahakala, the King of Darkness
57%
XIIIHanged ManSaki's BrotherAttis, the God of Sacrifice
57%
XXIJudgementSeekers of TruthLucifer, the Rebel King of Hell
54%
XVTemperanceYoung MotherVishnu, the Preserver of the World
44%
XVIITowerTutored StudentShiva, the God of Destruction
43%
XXSunYumi Ozawa / Ayane MatsunagaAsura, the Highest of the High
41%

Score Distribution

Percentile by Number Answered

Percent of People with Each Score

Your Score History

You have not taken this quiz